[Event "McGill op"]
[Site "Montreal CAN"]
[Date "2016.04.30"]
[Round "1.7"]
[White "Huang, Qiuyu"]
[Black "Duong, Thanh Nha"]
[Result "1/2-1/2"]
[WhiteElo "1894"]
[BlackElo "2243"]
[PlyCount "149"]
[EventDate "2016.04.28"]
[EventType "swiss"]
[EventRounds "5"]
[EventCountry "CAN"]

1. e4 e6 2. d4 d5 3. exd5 exd5 4. Bd3 Bd6 5. c3 Ne7 6. Ne2 O-O 7. O-O c5 8.
dxc5 Bxc5 9. Nd2 Nbc6 10. Nb3 Bd6 11. Bf4 Bg4 12. Qd2 Ne5 13. Bxe5 Bxe5 14.
Ned4 Bd7 15. Rad1 Qc7 16. f4 Bf6 17. Kh1 Rad8 18. h3 Nc6 19. Bc2 g6 20. Nf3 Bg7
21. f5 Qg3 22. Qg5 Qxg5 23. Nxg5 Bc8 24. f6 Bh6 25. Nf3 Rfe8 26. Rfe1 Kf8 27.
Rxe8+ Kxe8 28. Re1+ Kf8 29. Nbd4 Nxd4 30. cxd4 Be6 31. Bb3 Bf4 32. h4 Rc8 33.
Kg1 Bg3 34. Rd1 h6 35. Kf1 Ke8 36. Ke2 Kd7 37. Rd3 Kd6 38. h5 gxh5 39. Rc3 Rxc3
40. bxc3 h4 41. Ng1 Bg4+ 42. Kd3 b5 43. a4 a6 44. axb5 axb5 45. Ne2 Bh2 46. Ke3
h3 47. gxh3 Bxh3 48. Kf3 Ke6 49. Nf4+ Bxf4 50. Kxf4 Bf1 51. Kg4 Be2+ 52. Kh4
Bc4 53. Bd1 Kxf6 54. Kh5 Kg7 55. Bg4 Bd3 56. Bf3 Bc4 57. Bg4 Bd3 58. Bf3 Bg6+
59. Kh4 Be4 60. Be2 Kf6 61. Kh5 Kf5 62. Kxh6 Kf4 63. Bxb5 Ke3 64. Kg5 f5 65. c4
dxc4 66. Bxc4 f4 67. d5 f3 68. d6 Bc6 69. Kg4 f2 70. Kg3 Bd7 71. Bf1 Bf5 72.
Bc4 Bd7 73. Bf1 Bc6 74. Bc4 Bd7 75. Bf1 1/2-1/2

[Event "McGill op"]
[Site "Montreal CAN"]
[Date "2016.04.30"]
[Round "2.9"]
[White "Duong, Thanh Nha"]
[Black "Pomerantz, Daniel"]
[Result "1-0"]
[WhiteElo "2243"]
[BlackElo "1933"]
[PlyCount "123"]
[EventDate "2016.04.28"]
[EventType "swiss"]
[EventRounds "5"]
[EventCountry "CAN"]

1. b3 c5 2. Bb2 Nc6 3. Nf3 d5 4. e3 Bg4 5. Bb5 e6 6. h3 Bxf3 7. Qxf3 Nf6 8. O-O
Be7 9. c4 Qd6 10. cxd5 exd5 11. d4 cxd4 12. Bxd4 O-O 13. Bb2 Ne4 14. Rd1 Rfd8
15. Nd2 Qg6 16. Qg4 Qxg4 17. hxg4 Bf6 18. Bxf6 Nxf6 19. g5 Ne4 20. Nxe4 dxe4
21. Bxc6 bxc6 22. Rac1 Rxd1+ 23. Rxd1 Kf8 24. Rc1 Rd8 25. Rxc6 Rd1+ 26. Kh2 Rd2
27. Rc8+ Ke7 28. Rc7+ Ke6 29. Rxa7 Rxf2 30. Ra6+ Kf5 31. Kg3 Re2 32. Ra5+ Ke6
33. Kf4 Rxg2 34. Kxe4 f5+ 35. gxf6 Kxf6 36. a4 g5 37. Ra6+ Kf7 38. Kf5 Rg3 39.
Ra7+ Ke8 40. b4 Rxe3 41. b5 Rb3 42. Kxg5 Rb4 43. Kf5 Kd8 44. Ke5 Kc8 45. Kd5
Kb8 46. Ra6 h5 47. Kc5 Rg4 48. Rh6 Rxa4 49. Kb6 Kc8 50. Rh8+ Kd7 51. Rxh5 Rc4
52. Rh7+ Kc8 53. Rh8+ Kd7 54. Kb7 Rc7+ 55. Kb8 Rc5 56. b6 Kc6 57. b7 Rb5 58.
Rh6+ Kd7 59. Ka7 Kc7 60. Rh7+ Kc6 61. Rh6+ Kc7 62. b8=Q+ 1-0

[Event "McGill op"]
[Site "Montreal CAN"]
[Date "2016.04.30"]
[Round "3.5"]
[White "Yu, Zong Yang"]
[Black "Duong, Thanh Nha"]
[Result "1-0"]
[WhiteElo "2342"]
[BlackElo "2243"]
[PlyCount "87"]
[EventDate "2016.04.28"]
[EventType "swiss"]
[EventRounds "5"]
[EventCountry "CAN"]

1. Nf3 Nf6 2. d4 g6 3. c4 Bg7 4. Nc3 O-O 5. Bf4 c5 6. d5 d6 7. e4 a6 8. a4 Nh5
9. Bd2 e5 10. g3 f5 11. exf5 gxf5 12. Ng5 Nf6 13. Bg2 Qe7 14. O-O h6 15. Ne6
Bxe6 16. dxe6 Qxe6 17. Bxb7 Ra7 18. Qb3 Qd7 19. Bg2 Nc6 20. Qd1 Rb8 21. Rb1 Nd4
22. Be3 Kh8 23. b3 Rc7 24. a5 Nc6 25. Qd2 Kh7 26. Bh3 Nd4 27. f3 Kg6 28. Qd3
Re8 29. g4 Nxf3+ 30. Rxf3 e4 31. gxf5+ Kh7 32. Nxe4 Rxe4 33. Bf2 Rc8 34. Re1
Rce8 35. Rxe4 Rxe4 36. Re3 Rd4 37. Qe2 Qc6 38. Bg2 Qc8 39. Rg3 Rf4 40. Rxg7+
Kxg7 41. Qe7+ Kg8 42. Qxf6 Qxf5 43. Bd5+ Qxd5 44. Qg6+ 1-0

[Event "McGill op"]
[Site "Montreal CAN"]
[Date "2016.05.01"]
[Round "5.5"]
[White "Chabot, Roland"]
[Black "Duong, Thanh Nha"]
[Result "1-0"]
[WhiteElo "2144"]
[BlackElo "2243"]
[PlyCount "59"]
[EventDate "2016.04.28"]
[EventType "swiss"]
[EventRounds "5"]
[EventCountry "CAN"]

1. d4 Nf6 2. c4 g6 3. Nc3 Bg7 4. e4 d6 5. f4 O-O 6. Nf3 c5 7. d5 e6 8. dxe6
Bxe6 9. Bd3 Nc6 10. O-O Re8 11. f5 Bc8 12. Bg5 h6 13. Bh4 g5 14. Bg3 Ng4 15.
Qd2 b6 16. Nd5 Bb7 17. Rae1 Nge5 18. f6 Nxf3+ 19. Rxf3 Bf8 20. Rf5 Ne5 21.
Rxg5+ hxg5 22. Qxg5+ Kh7 23. Qh5+ Kg8 24. Re3 Nxd3 25. Bh4 Ne5 26. Rg3+ Ng6 27.
Rxg6+ fxg6 28. Qxg6+ Kh8 29. f7 Bg7 30. Qh5+ 1-0

[Event "Mauricie op"]
[Site "Trois-Rivieres CAN"]
[Date "2016.03.18"]
[Round "1"]
[White "Duong, Thanh Nha"]
[Black "Ouellet, Maili-Jade"]
[Result "1-0"]
[WhiteElo "2282"]
[BlackElo "1989"]
[PlyCount "113"]
[EventDate "2016.03.18"]
[EventType "swiss"]
[EventRounds "5"]
[EventCountry "CAN"]

1. b3 d5 2. Bb2 c5 3. e3 e6 4. Nf3 Nf6 5. Be2 Be7 6. c4 O-O 7. O-O b6 8. cxd5
exd5 9. d4 Bb7 10. Nc3 Nbd7 11. Rc1 Rc8 12. Rc2 a6 13. Ne5 Qc7 14. f4 Rfd8 15.
Bd3 g6 16. a4 Ne4 17. Nxe4 dxe4 18. Bc4 Nxe5 19. fxe5 Bd5 20. Bxd5 Rxd5 21. Qg4
Qd7 22. Qxe4 Qe6 23. Qf3 Rcd8 24. Rcf2 cxd4 25. exd4 Rf8 26. Rc2 Bg5 27. Kh1
Rfd8 28. Rcf2 R8d7 29. Rc2 Rd8 30. Rc7 R8d7 31. Rc8+ Rd8 32. Rxd8+ Rxd8 33. Rf2
Qd5 34. Qxd5 Rxd5 35. Rf3 Kg7 36. g3 Be7 37. Kg2 f6 38. exf6+ Bxf6 39. Rd3 Kf7
40. Kf3 Ke6 41. Ke4 Bg7 42. Rd2 Kd6 43. Rf2 Rf5 44. Rxf5 gxf5+ 45. Kxf5 Kd5 46.
g4 Bxd4 47. Bxd4 Kxd4 48. g5 Kc3 49. h4 Kxb3 50. h5 Kc2 51. g6 hxg6+ 52. hxg6
b5 53. axb5 axb5 54. g7 b4 55. g8=Q b3 56. Qc4+ Kb2 57. Ke4 1-0

[Event "Mauricie op"]
[Site "Trois-Rivieres CAN"]
[Date "2016.03.19"]
[Round "2"]
[White "Pichette, Mickaelin"]
[Black "Duong, Thanh Nha"]
[Result "0-1"]
[WhiteElo "1837"]
[BlackElo "2282"]
[PlyCount "42"]
[EventDate "2016.03.18"]
[EventType "swiss"]
[EventRounds "5"]
[EventCountry "CAN"]

1. d4 Nf6 2. c4 c5 3. e3 g6 4. Bd3 Bg7 5. Nc3 O-O 6. Nge2 cxd4 7. exd4 d5 8.
cxd5 Nxd5 9. h4 h5 10. Bg5 Nc6 11. Qb3 Be6 12. Qxb7 Ndb4 13. Be4 Rb8 14. Bxe7
Qxe7 15. Qxe7 Nxe7 16. a3 Nbd5 17. O-O-O Rfc8 18. Rd3 Nf6 19. f3 Bc4 20. Re3
Bh6 21. f4 Ng4 0-1

[Event "Mauricie op"]
[Site "Trois-Rivieres CAN"]
[Date "2016.03.19"]
[Round "3"]
[White "Luksza, Arkadiusz"]
[Black "Duong, Thanh Nha"]
[Result "0-1"]
[WhiteElo "2231"]
[BlackElo "2282"]
[PlyCount "86"]
[EventDate "2016.03.18"]
[EventType "swiss"]
[EventRounds "5"]
[EventCountry "CAN"]

1. d4 Nf6 2. Bg5 Ne4 3. Bf4 c5 4. f3 Nf6 5. d5 d6 6. c4 b5 7. e4 g6 8. cxb5 a6
9. b6 Qxb6 10. Qd2 Bg7 11. Nc3 O-O 12. a4 Nbd7 13. Nh3 Rb8 14. Rb1 Nh5 15. Be3
Qb4 16. Bd3 Ne5 17. O-O Bxh3 18. gxh3 Nc4 19. Bxc4 Qxc4 20. Rfc1 Rb3 21. Bg5
Bd4+ 22. Kh1 f6 23. Bh6 Rfb8 24. Nb5 Qxa4 25. Nxd4 Qxd4 26. Qxd4 cxd4 27. Rc4
d3 28. h4 Kf7 29. Bc1 f5 30. Ra1 fxe4 31. fxe4 R8b4 32. Rc7 Rxe4 33. Bg5 Ng7
34. Rc3 Rxb2 35. Rxd3 Ree2 36. Bf4 Nf5 37. Rdd1 Nxh4 38. Rf1 Kg7 39. Rfe1 Rg2
40. Rec1 h6 41. Rcb1 g5 42. Rxb2 Rxb2 43. Bc1 Re2 0-1

[Event "Carnaval"]
[Site "Quebec CAN"]
[Date "2016.02.20"]
[Round "2"]
[White "Larochelle, Martial"]
[Black "Duong, Thanh Nha"]
[Result "1/2-1/2"]
[WhiteElo "2099"]
[BlackElo "2308"]
[PlyCount "57"]
[EventDate "2016.02.19"]
[EventType "swiss"]
[EventRounds "5"]
[EventCountry "CAN"]
[TimeControl "900+2"]

1. d4 e6 2. c4 Bb4+ 3. Bd2 a5 4. Nc3 Nf6 5. Qc2 d5 6. e3 O-O 7. Nf3 c6 8. Bd3
Nbd7 9. O-O Qe7 10. e4 Bxc3 11. Bxc3 dxe4 12. Bxe4 Nxe4 13. Qxe4 Nf6 14. Qe1 b6
15. Ne5 Bb7 16. Qe3 Rfd8 17. Rfd1 a4 18. b3 axb3 19. axb3 Rxa1 20. Rxa1 Ra8 21.
Rxa8+ Bxa8 22. d5 exd5 23. Qxb6 c5 24. Qb8+ Qf8 25. Qxf8+ Kxf8 26. cxd5 Bxd5
27. Nd3 Ne4 28. Bb2 Bxb3 29. Nxc5 1/2-1/2

[Event "Carnaval"]
[Site "Quebec CAN"]
[Date "2016.02.20"]
[Round "3"]
[White "Duong, Thanh Nha"]
[Black "Zhu, Hong Rui"]
[Result "1/2-1/2"]
[WhiteElo "2308"]
[BlackElo "2235"]
[PlyCount "114"]
[EventDate "2016.02.19"]
[EventType "swiss"]
[EventRounds "5"]
[EventCountry "CAN"]
[TimeControl "900+2"]

1. b3 c5 2. Bb2 Nc6 3. e3 d5 4. Bb5 Bd7 5. f4 Nf6 6. Nf3 a6 7. Bxc6 Bxc6 8. O-O
e6 9. Ne5 Rc8 10. d3 Be7 11. Nd2 O-O 12. Rf3 d4 13. e4 Nd7 14. Nxc6 Rxc6 15.
Rh3 e5 16. fxe5 Bg5 17. Nf3 Be3+ 18. Kh1 Re8 19. Bc1 Bxc1 20. Qxc1 Nxe5 21. Qf4
Qf6 22. Qxf6 Rxf6 23. Nxe5 Rxe5 24. Rf3 Rc6 25. a4 b6 26. Kg1 f6 27. Kf2 Kf7
28. Ke2 Ke6 29. g4 Rg5 30. Rg3 h5 31. Rag1 hxg4 32. Rxg4 Rxg4 33. Rxg4 Rc7 34.
h4 Kf7 35. h5 b5 36. axb5 axb5 37. Rg2 Re7 38. Kf3 Re5 39. Rh2 c4 40. bxc4 bxc4
41. dxc4 Rc5 42. Ke2 Rxc4 43. Kd3 Ra4 44. Rf2 Ke6 45. Rf5 Rb4 46. Rd5 Ra4 47.
Rxd4 Ra5 48. Rd5 Rxd5+ 49. exd5+ Kxd5 50. c4+ Kc5 51. Kc3 Kc6 52. Kd4 Kd6 53.
c5+ Kc6 54. Kc4 f5 55. Kd4 f4 56. Ke4 Kxc5 57. Kxf4 Kd6 1/2-1/2

[Event "Pere Noel"]
[Site "Montreal CAN"]
[Date "2015.12.26"]
[Round "1.6"]
[White "Durette, Francis"]
[Black "Duong, Thanh Nha"]
[Result "0-1"]
[WhiteElo "1917"]
[BlackElo "2320"]
[PlyCount "110"]
[EventDate "2015.12.26"]
[EventType "swiss"]
[EventRounds "5"]
[EventCountry "CAN"]

1. e4 e6 2. d4 d5 3. exd5 exd5 4. c4 Bb4+ 5. Nc3 Ne7 6. a3 Bxc3+ 7. bxc3 O-O 8.
Bd3 Re8 9. Ne2 Nbc6 10. O-O dxc4 11. Bxc4 Na5 12. Bd3 Bf5 13. Bg5 Bxd3 14. Qxd3
Qd5 15. Bf4 c6 16. Rac1 Qc4 17. Qc2 Nd5 18. Rce1 Rxe2 19. Rxe2 Nxf4 20. Re5 b6
21. Rb1 Nd5 22. Qe4 Rf8 23. Re8 g6 24. Rxf8+ Kxf8 25. Qe5 Kg8 26. Qe8+ Kg7 27.
Qe5+ f6 28. Qd6 Qxc3 29. Qd7+ Kh6 30. g3 Qf3 31. Re1 Qf5 32. Qf7 Nb3 33. Qf8+
Kh5 34. h3 Qxh3 35. Re4 Qd7 36. Rh4+ Kg5 37. Qh6+ Kf5 38. f3 Ke6 39. Re4+ Kd6
40. Qf8+ Kc7 41. Qa8 Qc8 42. Qxa7+ Qb7 43. Qa4 Nd2 44. Re8 Nxf3+ 45. Kg2 Ng5
46. Ra8 Nc3 47. Qa7 Qxa7 48. Rxa7+ Kd6 49. Kf2 Nd5 50. a4 h5 51. a5 bxa5 52.
Rxa5 Ne6 53. Ra4 Nc3 54. Rc4 Nb5 55. Ke3 Nbxd4 0-1

[Event "Pere Noel"]
[Site "Montreal CAN"]
[Date "2015.12.28"]
[Round "3.5"]
[White "Duong, Thanh Nha"]
[Black "Gagnon, Serge"]
[Result "1-0"]
[WhiteElo "2320"]
[BlackElo "1960"]
[PlyCount "73"]
[EventDate "2015.12.26"]
[EventType "swiss"]
[EventRounds "5"]
[EventCountry "CAN"]

1. b3 e5 2. Bb2 d6 3. c4 Nc6 4. g3 Nf6 5. Bg2 Be7 6. Nf3 O-O 7. O-O Bg4 8. h3
Bf5 9. Nc3 Qd7 10. Kh2 Rfe8 11. d4 exd4 12. Nxd4 Nxd4 13. Qxd4 c6 14. Rad1 Bf8
15. e4 Bg6 16. f4 Qc7 17. g4 h6 18. Kh1 Qb6 19. Qd3 Rad8 20. f5 Bh7 21. Na4 Qa5
22. Bc3 Qc7 23. Bxf6 gxf6 24. Qd4 b6 25. Nc3 Re5 26. Qd2 Rde8 27. Bf3 a6 28. a4
Kh8 29. Rg1 Rd8 30. Rg2 Rde8 31. h4 Qd8 32. b4 b5 33. axb5 axb5 34. cxb5 d5 35.
Re2 h5 36. bxc6 hxg4 37. c7 1-0

[Event "Pere Noel"]
[Site "Montreal CAN"]
[Date "2015.12.29"]
[Round "4.2"]
[White "Yu, Zong Yang"]
[Black "Duong, Thanh Nha"]
[Result "1-0"]
[WhiteElo "2383"]
[BlackElo "2320"]
[PlyCount "145"]
[EventDate "2015.12.26"]
[EventType "swiss"]
[EventRounds "5"]
[EventCountry "CAN"]

1. c4 Nf6 2. Nf3 c5 3. Nc3 b6 4. g3 Bb7 5. Bg2 e6 6. O-O d6 7. d4 cxd4 8. Qxd4
a6 9. Rd1 Nbd7 10. e4 Qc7 11. b3 Be7 12. Bb2 O-O 13. Qe3 Rfe8 14. Rac1 Rad8 15.
Nd4 Qb8 16. Re1 Bf8 17. h3 Qa8 18. Rcd1 Nc5 19. f3 Qb8 20. Rd2 h6 21. Kh1 Qa8
22. Qf2 Rc8 23. Ba1 Be7 24. Red1 Qb8 25. Re1 Qa8 26. g4 g6 27. Red1 e5 28. Nde2
Bc6 29. Ng3 Red8 30. Re1 b5 31. f4 bxc4 32. bxc4 Nfd7 33. Rf1 Rf8 34. Rdd1 Qb8
35. Qe3 Kh7 36. Nd5 Bxd5 37. exd5 Bf6 38. Qd2 Rce8 39. g5 hxg5 40. fxg5 Bg7 41.
Bc3 Qd8 42. Rde1 f5 43. gxf6 Rxf6 44. Ne4 Nxe4 45. Bxe4 Nc5 46. Qg2 Ref8 47.
Rg1 Nxe4 48. Rxe4 Qc8 49. Be1 Bh6 50. Bh4 g5 51. Bxg5 Rg6 52. h4 Qf5 53. Rg4
Bxg5 54. hxg5 Kg7 55. Rh4 Qf3 56. Rh3 Qxg2+ 57. Rxg2 Rf1+ 58. Kh2 Rf4 59. Ra3
Rxc4 60. Rxa6 Rh4+ 61. Kg1 Rh5 62. Kf2 Kf7 63. Kf3 Rh3+ 64. Kg4 Rh1 65. Ra7+
Kg8 66. Kf5 Rg7 67. Rxg7+ Kxg7 68. Ke6 e4 69. Kxd6 e3 70. Re2 Rh3 71. Kc7 Kg6
72. d6 Kxg5 73. d7 1-0

[Event "Pere Noel"]
[Site "Montreal CAN"]
[Date "2015.12.30"]
[Round "5.6"]
[White "Duong, Thanh Nha"]
[Black "Turcotte, Jonathan"]
[Result "0-1"]
[WhiteElo "2320"]
[BlackElo "2080"]
[PlyCount "132"]
[EventDate "2015.12.26"]
[EventType "swiss"]
[EventRounds "5"]
[EventCountry "CAN"]

1. Nf3 d5 2. c4 c6 3. b3 Bf5 4. Bb2 e6 5. g3 Nd7 6. Bg2 Ngf6 7. O-O Be7 8. d3
h6 9. Nbd2 O-O 10. Re1 Bh7 11. h3 a5 12. a3 Re8 13. Rc1 Qb6 14. Qc2 Bc5 15. e3
Bf8 16. e4 Nc5 17. Bd4 dxe4 18. dxe4 Qc7 19. Ne5 Red8 20. Qb2 Nfd7 21. Bf1 Nxe5
22. Bxe5 Rxd2 23. Qc3 Qd8 24. f3 Rd7 25. Qe3 Nd3 26. Bxd3 Rxd3 27. Qf4 Qg5 28.
Kf2 Bxa3 29. Ra1 Bb4 30. Re2 f6 31. Bc7 e5 32. Qxg5 hxg5 33. Bb6 Kf8 34. h4
gxh4 35. Rh1 Bg8 36. Rxh4 Rd2 37. f4 Rxe2+ 38. Kxe2 a4 39. fxe5 axb3 40. exf6
gxf6 41. Kd3 Ra2 42. Bd4 Rg2 43. e5 Rxg3+ 44. Ke4 fxe5 45. Bxe5 Rg2 46. Rf4+
Ke8 47. Kf5 b2 48. Bxb2 Rxb2 49. Rg4 Bf7 50. Re4+ Be7 51. Ke5 Rb4 52. Re1 Rxc4
53. Kf5 b5 54. Ra1 Rd4 55. Ra8+ Rd8 56. Ra6 b4 57. Rxc6 Rb8 58. Rh6 b3 59. Rh8+
Bf8 60. Rh1 b2 61. Rb1 Ba2 62. Re1+ Be7 63. Ke5 Rc8 64. Rd1 Rc1 65. Rd2 b1=Q
66. Re2 Qb5+ 0-1

[Event "Varennes op"]
[Site "Varennes CAN"]
[Date "2015.11.07"]
[Round "1.5"]
[White "Pomerantz, Daniel"]
[Black "Duong, Thanh Nha"]
[Result "0-1"]
[WhiteElo "2022"]
[BlackElo "2330"]
[PlyCount "98"]
[EventDate "2015.11.07"]
[EventType "swiss"]
[EventRounds "5"]
[EventCountry "CAN"]

1. e4 e6 2. d4 d5 3. Nd2 dxe4 4. Nxe4 Nd7 5. Nf3 Ngf6 6. Bg5 h6 7. Bxf6 Nxf6 8.
Nxf6+ Qxf6 9. Bd3 a6 10. Qe2 c5 11. O-O-O cxd4 12. Nxd4 Bd7 13. Qe4 Rb8 14.
Rhe1 Bc5 15. Nf5 g6 16. Qd5 Bb4 17. c3 gxf5 18. cxb4 Bc6 19. Qc5 Rc8 20. Kb1
Rg8 21. g3 f4 22. b5 Rg5 23. Qd6 Rd5 24. Qxf4 Qxf4 25. gxf4 Bxb5 26. Be4 Rxd1+
27. Rxd1 Bc6 28. f3 f5 29. Bxc6+ Rxc6 30. Rg1 Kf7 31. Rd1 Rc4 32. Rd7+ Kf6 33.
Rxb7 Rxf4 34. Rb3 a5 35. Kc2 Rh4 36. Kd3 Rxh2 37. Ke3 e5 38. Rb8 f4+ 39. Kd3
Rf2 40. Rf8+ Ke7 41. Rf5 Ke6 42. Rh5 Rxf3+ 43. Ke2 Re3+ 44. Kf2 Rd3 45. Ke2 Rg3
46. Rxh6+ Kf5 47. Kf2 e4 48. Rh5+ Kg4 49. Rxa5 e3+ 0-1

[Event "Varennes op"]
[Site "Varennes CAN"]
[Date "2015.11.08"]
[Round "3.3"]
[White "Yu, Zong Yang"]
[Black "Duong, Thanh Nha"]
[Result "1-0"]
[WhiteElo "2376"]
[BlackElo "2330"]
[PlyCount "103"]
[EventDate "2015.11.07"]
[EventType "swiss"]
[EventRounds "5"]
[EventCountry "CAN"]

1. d4 e6 2. Nf3 f5 3. Bf4 Nf6 4. e3 b6 5. Be2 Bb7 6. O-O Be7 7. c4 O-O 8. Nc3
Ne4 9. Nxe4 Bxe4 10. h3 d6 11. d5 e5 12. Bh2 Bxf3 13. Bxf3 e4 14. Be2 Bf6 15.
Qc2 Nd7 16. Rae1 g6 17. f3 exf3 18. Bxf3 Be5 19. Bf4 Qf6 20. b3 Bxf4 21. exf4
Qd4+ 22. Rf2 Qxf4 23. Re7 Rf7 24. Rxf7 Kxf7 25. Bh5 Qe3 26. Qxf5+ Kg8 27. Qxd7
gxh5 28. Qf7+ Kh8 29. Qf6+ Kg8 30. Kh2 Qe5+ 31. Qxe5 dxe5 32. Rf5 Re8 33. Kg3
Re7 34. Kf3 h4 35. Rg5+ Kf7 36. Ke4 Kf6 37. Rf5+ Kg6 38. b4 a5 39. bxa5 bxa5
40. c5 a4 41. Rxe5 Rd7 42. c6 Rf7 43. Re6+ Kg5 44. d6 cxd6 45. Rxd6 Rf2 46.
Rd5+ Kf6 47. Rc5 Re2+ 48. Kd5 Rd2+ 49. Kc4 Rd8 50. c7 Rc8 51. Kb5 Ke6 52. Kc6
1-0

[Event "Varennes op"]
[Site "Varennes CAN"]
[Date "2015.11.09"]
[Round "4.5"]
[White "Duong, Thanh Nha"]
[Black "Nicula, Marius"]
[Result "0-1"]
[WhiteElo "2203"]
[BlackElo "2330"]
[PlyCount "136"]
[EventDate "2015.11.07"]
[EventType "swiss"]
[EventRounds "5"]
[EventCountry "CAN"]

1. Nf3 d5 2. c4 c6 3. g3 g6 4. Bg2 Bg7 5. O-O Nf6 6. d4 dxc4 7. Ne5 Be6 8. Na3
Bd5 9. f3 b5 10. Bh3 Nbd7 11. Nxd7 Nxd7 12. e4 Be6 13. Bxe6 fxe6 14. Be3 Nb6
15. Nc2 e5 16. Qd2 exd4 17. Nxd4 Qd7 18. Rad1 e5 19. Nc2 Qxd2 20. Rxd2 Rd8 21.
Rfd1 Rxd2 22. Rxd2 Bf8 23. f4 Na4 24. b3 cxb3 25. axb3 Nc5 26. b4 Nxe4 27. Re2
Nc3 28. Re1 Nd5 29. Bd2 Kd7 30. fxe5 Be7 31. Ra1 Ra8 32. Rd1 Rc8 33. Nd4 Bxb4
34. Bxb4 Nxb4 35. Nxb5+ Ke6 36. Nd6 Rc7 37. Nc4 Nd5 38. Rb1 Nb6 39. Nxb6 axb6
40. Rxb6 Kxe5 41. Kf2 Kd4 42. Ke2 Kc3 43. Kd1 c5 44. Rf6 Rd7+ 45. Kc1 c4 46.
Rf3+ Kb4 47. Rf2 Re7 48. Rb2+ Kc3 49. Rc2+ Kd3 50. Rd2+ Ke3 51. Kd1 Ra7 52.
Re2+ Kd3 53. Rd2+ Kc3 54. Rc2+ Kb3 55. Kd2 Rd7+ 56. Kc1 c3 57. Rf2 Ra7 58. Kb1
c2+ 59. Rxc2 Ra1+ 60. Kxa1 Kxc2 61. Ka2 Kd3 62. Kb3 Ke3 63. Kc4 Kf3 64. Kd4 Kg2
65. Ke4 Kxh2 66. Kf4 Kh3 67. Kf3 g5 68. g4 h6 0-1

[Event "Varennes op"]
[Site "Varennes CAN"]
[Date "2015.11.09"]
[Round "5.8"]
[White "Gauthier, Denis"]
[Black "Duong, Thanh Nha"]
[Result "0-1"]
[WhiteElo "1891"]
[BlackElo "2330"]
[PlyCount "46"]
[EventDate "2015.11.07"]
[EventType "swiss"]
[EventRounds "5"]
[EventCountry "CAN"]

1. d4 Nf6 2. c4 c5 3. d5 b5 4. cxb5 a6 5. f3 e6 6. e4 Bd6 7. Bg5 exd5 8. exd5
O-O 9. Nc3 Re8+ 10. Be2 Be5 11. Nh3 h6 12. Bh4 axb5 13. O-O b4 14. Nb5 Qb6 15.
Bc4 Ba6 16. a4 bxa3 17. Rxa3 Bxb5 18. Rb3 Ra5 19. Be1 Qa6 20. Rxb5 Rxb5 21. Qd3
Qb6 22. Bxb5 c4+ 23. Bf2 Qxb5 0-1

[Event "Montreal op"]
[Site "Montreal CAN"]
[Date "2015.09.12"]
[Round "2.9"]
[White "Jacquet, Stephane"]
[Black "Duong, Thanh Nha"]
[Result "0-1"]
[WhiteElo "2034"]
[BlackElo "2318"]
[PlyCount "74"]
[EventDate "2015.09.12"]
[EventType "swiss"]
[EventRounds "5"]
[EventCountry "CAN"]

1. d4 Nf6 2. c4 c5 3. d5 e5 4. Nc3 d6 5. e4 Nbd7 6. Nf3 Be7 7. Bd3 Nf8 8. O-O
Ng6 9. Ne1 h5 10. a3 h4 11. b4 b6 12. Ne2 Nh5 13. Be3 Bg5 14. Qd2 Bf4 15. Bxf4
exf4 16. Bc2 O-O 17. Nf3 Bg4 18. Qd3 Nf6 19. h3 Bh5 20. Rfe1 Nd7 21. e5 Bxf3
22. Qxf3 Ndxe5 23. Qh5 Re8 24. Nc3 f3 25. Re3 fxg2 26. Rae1 Qf6 27. Ne4 Qf4 28.
Ng5 Red8 29. Qh7+ Kf8 30. Bxg6 Qxg5 31. Bf5 Qh6 32. Qxh6 gxh6 33. Kxg2 Nxc4 34.
Rf3 Re8 35. Be6 Re7 36. Rf6 Ne5 37. Bg4 Nd3 0-1

[Event "Montreal op"]
[Site "Montreal CAN"]
[Date "2015.09.12"]
[Round "3.5"]
[White "Duong, Thanh Nha"]
[Black "Robichaud, Louis"]
[Result "1-0"]
[WhiteElo "2318"]
[BlackElo "2117"]
[PlyCount "75"]
[EventDate "2015.09.12"]
[EventType "swiss"]
[EventRounds "5"]
[EventCountry "CAN"]

1. Nf3 Nf6 2. c4 g6 3. b4 a5 4. b5 Bg7 5. Bb2 O-O 6. d4 d6 7. Nbd2 e5 8. Qc2
exd4 9. Nxd4 Nbd7 10. g3 a4 11. Bg2 Nc5 12. O-O Re8 13. Rad1 Qe7 14. Rfe1 h5
15. h3 Nh7 16. h4 Nf6 17. e4 Ng4 18. Nf1 Bd7 19. Ne3 Nxe3 20. Rxe3 Qd8 21. Ne2
Bxb2 22. Qxb2 Qe7 23. Nf4 Be6 24. e5 dxe5 25. Qxe5 Qf8 26. Rde1 Rac8 27. Qg5 c6
28. bxc6 bxc6 29. Nxh5 Nd7 30. Rd1 Kh8 31. Nf4 Nc5 32. h5 Bf5 33. hxg6 Rxe3 34.
fxe3 fxg6 35. e4 Nxe4 36. Bxe4 Qc5+ 37. Kh2 Kg7 38. Ne6+ 1-0

[Event "Montreal op"]
[Site "Montreal CAN"]
[Date "2015.09.13"]
[Round "4.3"]
[White "Duong, Thanh Nha"]
[Black "Milicevic, Goran"]
[Result "1-0"]
[WhiteElo "2318"]
[BlackElo "2390"]
[PlyCount "101"]
[EventDate "2015.09.12"]
[EventType "swiss"]
[EventRounds "5"]
[EventCountry "CAN"]

1. Nf3 Nf6 2. c4 e6 3. b3 d5 4. Bb2 Be7 5. g3 O-O 6. Bg2 Nbd7 7. O-O c6 8. d3
Re8 9. Nbd2 a5 10. a3 b5 11. cxb5 cxb5 12. Rc1 Bb7 13. Rc2 Bd6 14. Nd4 Qb6 15.
Qa1 Rac8 16. Rfc1 Rxc2 17. Rxc2 e5 18. Nf5 Bb8 19. h3 Ba7 20. e3 Bb8 21. Qc1
Qe6 22. g4 h5 23. Qd1 Kh7 24. e4 g6 25. Nf3 Qb6 26. Ng5+ Kg8 27. Nh6+ Kg7 28.
Nhxf7 hxg4 29. hxg4 Re7 30. exd5 Rxf7 31. Nxf7 Kxf7 32. g5 Nh5 33. Qg4 Nf8 34.
d4 e4 35. Bxe4 Qd6 36. f3 Bxd5 37. Bxd5+ Qxd5 38. Qe4 Qd6 39. d5 Qg3+ 40. Rg2
Qd6 41. b4 axb4 42. axb4 Nf4 43. Rd2 Nh3+ 44. Kf1 Nxg5 45. Qd4 Nd7 46. Qg7+ Ke8
47. Re2+ Kd8 48. Qh8+ Kc7 49. Rc2+ Kb7 50. Qc8+ Ka8 51. Rc6 1-0

[Event "Montreal op"]
[Site "Montreal CAN"]
[Date "2015.09.13"]
[Round "5.1"]
[White "Sambuev, Bator"]
[Black "Duong, Thanh Nha"]
[Result "1-0"]
[WhiteElo "2530"]
[BlackElo "2318"]
[PlyCount "123"]
[EventDate "2015.09.12"]
[EventType "swiss"]
[EventRounds "5"]
[EventCountry "CAN"]

1. e4 e5 2. Nf3 Nc6 3. Bb5 a6 4. Bxc6 dxc6 5. Nc3 f6 6. d4 exd4 7. Nxd4 c5 8.
Nde2 Qxd1+ 9. Nxd1 Bd7 10. Bf4 O-O-O 11. Ne3 Bc6 12. f3 Ne7 13. h4 Ng6 14. Bg3
h5 15. Kf2 Bd6 16. Rad1 Bxg3+ 17. Nxg3 Rxd1 18. Nxd1 Nf4 19. Nf5 g6 20. Ne7+
Kd7 21. Nxc6 Kxc6 22. g3 Ne6 23. Ne3 Rf8 24. Rd1 b6 25. c3 b5 26. Rd2 c4 27.
Nd5 Rf7 28. Ke3 a5 29. Nf4 Nxf4 30. Kxf4 Rg7 31. Rd5 Kb6 32. e5 fxe5+ 33. Rxe5
Rf7+ 34. Ke3 Rf6 35. g4 hxg4 36. fxg4 c5 37. h5 gxh5 38. Rxh5 b4 39. Rh2 a4 40.
a3 Kc7 41. g5 Rg6 42. Kf4 bxa3 43. bxa3 Kd7 44. Kf5 Rd6 45. g6 Ke7 46. Re2+ Kf8
47. Re4 Kg7 48. Rxc4 Rd5+ 49. Ke6 Rd1 50. Rxa4 Rc1 51. Rc4 Ra1 52. a4 Kxg6 53.
Kd5 Kf6 54. Kxc5 Ke7 55. Rd4 Ra3 56. Kb4 Ra1 57. a5 Rb1+ 58. Kc4 Ra1 59. Kb5
Ra3 60. a6 Rb3+ 61. Rb4 Rxc3 62. a7 1-0

[Event "Quebec op 3e RIDEF"]
[Site "Montreal CAN"]
[Date "2015.07.17"]
[Round "1.19"]
[White "Moore, Ronald"]
[Black "Duong, Thanh Nha"]
[Result "0-1"]
[WhiteElo "1788"]
[BlackElo "2277"]
[PlyCount "46"]
[EventDate "2015.07.17"]
[EventType "swiss"]
[EventRounds "9"]
[EventCountry "CAN"]

1. d4 Nf6 2. Bg5 e6 3. Nd2 Be7 4. e3 b6 5. f4 Bb7 6. Ngf3 O-O 7. Bd3 d6 8. c3
Nbd7 9. Bxf6 Bxf6 10. Qc2 h6 11. O-O-O c5 12. g4 cxd4 13. exd4 e5 14. g5 hxg5
15. fxg5 Bxg5 16. Kb1 Bxd2 17. Rxd2 Bxf3 18. Rg1 Qh4 19. Rg3 e4 20. Bf1 Nf6 21.
Rh3 Qe1+ 22. Qc1 Qxc1+ 23. Kxc1 Rfe8 0-1